Los espacios productivos de la economía mundial /
Guardado en:
| Autor Principal: | |
|---|---|
| Formato: | Libro |
| Publicado: |
España :
Omega,
1954
|
| Materias: | |
| Etiquetas: |
Agregar Etiqueta
Sin Etiquetas, Sea el primero en etiquetar este registro!
|
| LEADER | 01228nam a22002175a 4500 | ||
|---|---|---|---|
| 001 | CEM.cems003976 | ||
| 005 | 19000101000000.0 | ||
| 008 | 130507s1954##################000#0#####d | ||
| 003 | CEMS | ||
| 082 | 0 | 4 | |a 330.9 |
| 100 | 1 | |a Lutgens, Rudolf | |
| 245 | 1 | 0 | |a Los espacios productivos de la economía mundial / |
| 260 | |a España : |b Omega, |c 1954 | ||
| 300 | |a 302 p. | ||
| 505 | 0 | |a Posicion, finalidad, desarrollo y metodos de trabajo de la geografia agraria; Espacio agricola mundial; Cuadro agrosocial; Paisaje agricola; Formas de cultivo; Geografia general industrial: Desarrollo, posicion y finalidad de la geografia industrial; Espacio de la actividad industrial de la humanidad; Estructura social; Leyes de ordenacion economica; Los territorios y los lugares de emplazamiento industrial de la tierra; La unidad de la economia agraria y la economia industrial en las principales formaciones economicas | |
| 653 | |a Economia mundial-produccion | ||
| 653 | |a Geografia economica | ||
| 653 | |a Regiones geograficas-economia | ||
| 859 | |a CEMS |b BIB. CEMS - 11 de abril |h 330.9 |i L977/2 |p 717.73 |t Ej.2 | ||
| 859 | |a CEMS |b BIB. CEMS - 11 de abril |h 330.9 |i L977/2 |p 718.73 |t Ej.3 | ||
| 859 | |a CEMS |b BIB. CEMS - 11 de abril |h 330.9 |i L977/2 |p 720.73 |t Ej.1 | ||
